| 000 | 00645cam a2200241 i 4500 | ||
|---|---|---|---|
| 005 | 20260322212040.0 | ||
| 008 | data | ||
| 010 | _a 77001497 | ||
| 020 | _a0816164592 | ||
| 020 | _a9780816164592 | ||
| 040 |
_aDLC _cDLC _dDLC |
||
| 050 | 1 | 0 |
_aPE1625 _b.M4 1977 |
| 082 | 0 | 0 | _a423 |
| 092 | _a423 M4 1977 | ||
| 245 | 1 | 4 |
_aThe Merriam-Webster dictionary for large print users. _cG. & C. Merriam Company. |
| 260 |
_aBoston : _bG. K. Hall, _c1977, c1975. |
||
| 300 |
_a1119 ; _c28 cm. |
||
| 500 | _aLarge print ed. | ||
| 650 | 0 |
_aEnglish language _xDictionaries. |
|
| 650 | 0 | _aLarge type books. | |
| 720 | 2 | _aG. & C. Merriam Company. | |
| 001 | data | ||
| 999 |
_c937 _d937 |
||